|
|
|
|
| LEADER |
00000nam a2200000Ii 4500 |
| 001 |
DIGAUHUM0103 |
| 003 |
NyNyDIG |
| 006 |
m o d |
| 007 |
cr ||||||||||| |
| 008 |
260205s2022 ck ob 001 0 spa d |
| 035 |
|
|
|a (OCoLC)1573182053
|
| 040 |
|
|
|a DGITA
|b eng
|e rda
|e pn
|c DGITA
|
| 020 |
|
|
|a 9789585196810
|q (versión digital)
|
| 020 |
|
|
|z 9789585196803
|q (versión impresa)
|
| 050 |
1 |
4 |
|a BD431 ebook
|
| 100 |
1 |
|
|a Casales García, Roberto,
|e author.
|
| 245 |
1 |
0 |
|a Pensar la vida desde una perspectiva filosófica :
|b reflexiones intempestivas /
|c Roberto Casales García, Adolfo Mancera Sandoval.
|
| 250 |
|
|
|a Primera edición.
|
| 264 |
|
1 |
|a Bogotá, Colombia :
|b Editorial Aula de Humanidades,
|c 2022.
|
| 300 |
|
|
|a 1 online resource.
|
| 336 |
|
|
|a text
|b txt
|2 rdacontent
|
| 337 |
|
|
|a computer
|b c
|2 rdamedia
|
| 338 |
|
|
|a online resource
|b cr
|2 rdacarrier
|
| 347 |
|
|
|a text file
|2 rdaft
|
| 347 |
|
|
|b PDF
|
| 490 |
1 |
|
|a Colección: Filosofía. Serie: ¡Enseñar Filosofía!
|
| 504 |
|
|
|a Includes bibliographical references and indexes.
|
| 588 |
0 |
|
|a Online resource; title from PDF title page (Digitalia, viewed February 5, 2026)
|
| 600 |
1 |
0 |
|a Casales García, Roberto
|v Correspondence.
|
| 600 |
1 |
0 |
|a Mancera Sandoval, Adolfo
|v Correspondence.
|
| 650 |
|
0 |
|a Life.
|
| 700 |
1 |
|
|a Mancera Sandoval, Adolfo,
|e author.
|
| 791 |
2 |
|
|a Digitalia (Firm),
|e distributor.
|
| 793 |
0 |
|
|g Digitalia eBook Collection:
|a Editorial Aula de Humanidades
|
| 776 |
0 |
8 |
|i Print version:
|a Casales García, Roberto.
|t Pensar la vida desde una perspectiva filosófica.
|b Primera edición.
|d Bogotá, Colombia : Editorial Aula de Humanidades, 2022
|z 9789585196803
|
| 830 |
|
0 |
|a Colección Filosofía (Editorial Aula de Humanidades).
|p Serie ¡Enseñar filosofía!
|
| 856 |
4 |
0 |
|3 Digitalia Hispánica
|u https://www.digitaliapublishing.com/a/182553/
|
| 910 |
|
|
|a Premium collection: 2026
|